00311cam a22001097a 4500008004000000082001700040100002600057245004800083260002400131300001500155650003100170180718b1958 xxu||||| |||| 00| 0 eng d aB141x42 P763 aPollard, Robert S. W. aProblem of divorcecby Robert S. W. Pollard aWattsbLondonc1958 axiii, 148p aMarriage and divorce - UK.